Della educazione morale della donna italiana : (Record no. 19032)

MARC details
000 -LEADER
fixed length control field 00924cam a22002654a 4500
001 - CONTROL NUMBER
control field e 10001479
003 - CONTROL NUMBER IDENTIFIER
control field DLC
005 - DATE AND TIME OF LATEST TRANSACTION
control field 20260227111153.0
008 - FIXED-LENGTH DATA ELEMENTS--GENERAL INFORMATION
fixed length control field 990529s1855 it 000 0 ita
010 ## - LIBRARY OF CONGRESS CONTROL NUMBER
LC control number e 10001479
040 ## - CATALOGING SOURCE
Original cataloging agency DLC
Transcribing agency DLC
042 ## - AUTHENTICATION CODE
Authentication code pcc
043 ## - GEOGRAPHIC AREA CODE
Geographic area code e-it---
050 00 - LIBRARY OF CONGRESS CALL NUMBER
Classification number LC2122
Item number .F72 1855
100 1# - MAIN ENTRY--PERSONAL NAME
Personal name Franceschi Ferrucci, Caterina,
Dates associated with a name 1803-1887.
245 10 - TITLE STATEMENT
Title Della educazione morale della donna italiana :
Remainder of title libri tre /
Statement of responsibility, etc. di Caterina Franceschi Ferrucci.
246 18 - VARYING FORM OF TITLE
Title proper/short title Educazione morale
250 ## - EDITION STATEMENT
Edition statement 2. ed. /
Remainder of edition statement riv. e corr. dalla̕utrice.
260 ## - PUBLICATION, DISTRIBUTION, ETC.
Place of publication, distribution, etc. Torino :
Name of publisher, distributor, etc. Unione tipografico-editrice,
Date of publication, distribution, etc. 1855.
300 ## - PHYSICAL DESCRIPTION
Extent 3 v. in 1 (xi, 325 p.) ;
Dimensions 17 cm.
490 1# - SERIES STATEMENT
Series statement Nuova biblioteca popolare. Classe XIII, Didattica
650 #0 - SUBJECT ADDED ENTRY--TOPICAL TERM
Topical term or geographic name entry element Women
General subdivision Education
Geographic subdivision Italy.
650 #0 - SUBJECT ADDED ENTRY--TOPICAL TERM
Topical term or geographic name entry element Moral education
Geographic subdivision Italy.
830 #0 - SERIES ADDED ENTRY--UNIFORM TITLE
Uniform title Nuova biblioteca popolare (Unione tipografico-editrice).
Number of part/section of a work Classe XIII,
Name of part/section of a work Didattica.

No items available.

Powered by Koha